| 000 | 01169nam a22003377a 4500 | ||
|---|---|---|---|
| 003 | CHAP | ||
| 005 | 20220329140400.0 | ||
| 008 | 971013s1984 r 00010 d | ||
| 010 | _a51189 | ||
| 011 | _a52161 | ||
| 035 | _a56311 | ||
| 040 | _cCHAP | ||
| 090 | _aTesis | ||
| 100 | 0 | 0 |
_aRodríguez Trejo, Dante Arturo. _998938 |
| 245 | _aEstudio senecológico de la vegetación de la zona árida poblano-veracruzana (Llanuras de Perote) | ||
| 260 |
_aChapingo, Méx. : _bEl autor, _c1984 |
||
| 300 |
_a139 h. _b: ilus. ; gráfs. ; mapa |
||
| 502 | _aTesis (Ing. Agr. Esp. en Bosques) -- UACH. Departamento de Bosques | ||
| 590 |
_aALEPH _b10 _c20130110 _lUCH01 _h1326 |
||
| 590 |
_aBATCH-UPD _b10 _c20130110 _lUCH01 _h1100 |
||
| 590 |
_aBATCH-UPD _b10 _c20130410 _lUCH01 _h0654 |
||
| 590 |
_aBATCH-UPD _b10 _c20130914 _lUCH01 _h0733 |
||
| 590 |
_aCONVERSION _b10 _c20130109 _lUCH01 _h1328 |
||
| 650 | 1 | 4 |
_aBotánica _xClasificación. _914516 |
| 650 | 1 | 4 |
_aBotánica _xPuebla. _914608 |
| 650 | 1 | 4 |
_aBotánica _xVeracruz. _914633 |
| 901 | _aBK | ||
| 942 | _cFOLL | ||
| 949 |
_bBC _cTES _d-123063 _eTS1 _i56311 _si |
||
| 949 |
_bBC _cTES _d33724000866885 _eTS2 _fc.2 _h22115 _i56311 _si |
||
| 999 |
_c51189 _d51189 |
||